এমাজউদ্দীন আহমেদ রচনাসমগ্র / (Record no. 12309)
[ view plain ]
| 000 -LEADER | |
|---|---|
| fixed length control field | 00716nam a2200217 a 4500 |
| 001 - CONTROL NUMBER | |
| JCCL Control Number | 12304 |
| 003 - CONTROL NUMBER IDENTIFIER | |
| JCCL marc code | BD-JhCC |
| 005 - DATE AND TIME OF LATEST TRANSACTION | |
| control field | 20210930102716.0 |
| 008 - FIXED-LENGTH DATA ELEMENTS--GENERAL INFORMATION | |
| fixed length control field | 210930s2016 bg |||| |||| 000 0 ben d |
| 020 ## - INTERNATIONAL STANDARD BOOK NUMBER | |
| International Standard Book Number | 9789847602325 |
| 035 ## - SYSTEM CONTROL NUMBER | |
| system control number | (BD-JhCC)12304 |
| 040 ## - CATALOGING SOURCE | |
| Original cataloging agency | BD-JhCC |
| Modifying agency | BD-JhCC |
| 041 ## - LANGUAGE CODE | |
| Language code of Book | bengla |
| 082 ## - DEWEY DECIMAL CLASSIFICATION NUMBER | |
| Classification number | 320 |
| Author mark and Year | EMA 2016 |
| 100 ## - MAIN ENTRY--PERSONAL NAME | |
| Personal name | আহমেদ, এমাজউদ্দীন |
| 245 ## - TITLE STATEMENT | |
| Title | এমাজউদ্দীন আহমেদ রচনাসমগ্র / |
| Statement of responsibility, etc | এমাজউদ্দীন আহমেদ |
| 260 ## - PUBLICATION, DISTRIBUTION, ETC. (IMPRINT) | |
| Place of publication, distribution, etc | ঢাকা : |
| Name of publisher, distributor, etc | শিকড়, |
| Date of publication, distribution, etc | ২০১৬. |
| 300 ## - PHYSICAL DESCRIPTION | |
| Pagination | ভলিউম ( ১-৮) |
| Dimensions | ২৪ সেমি. |
| 650 ## - SUBJECT ADDED ENTRY--TOPICAL TERM | |
| Topical term or geographic name as entry element | political science |
| 942 ## - ADDED ENTRY ELEMENTS (KOHA) | |
| Source of classification or shelving scheme | Dewey Decimal Classification |
| Koha item type | Books |
| Source of classification or shelving scheme | volume number | Damaged status | Not for loan | Home library | Current library | Shelving location | Date of accession | Cost, normal purchase price | Total Checkouts | Full call number | Barcode | Date last seen | Copy number | Koha item type |
|---|---|---|---|---|---|---|---|---|---|---|---|---|---|---|
| Dewey Decimal Classification | V-1 | JCC Rouf Library | JCC Rouf Library | General Stacks | 06/10/2021 | 789.00 | 320 EMA 2016 | 16904 | 09/30/2021 | C-1 | Books | |||
| Dewey Decimal Classification | V-2 | JCC Rouf Library | JCC Rouf Library | General Stacks | 06/10/2021 | 1169.00 | 320 EMA 2016 | 16905 | 09/30/2021 | C-1 | Books | |||
| Dewey Decimal Classification | V-3 | JCC Rouf Library | JCC Rouf Library | General Stacks | 06/10/2021 | 1169.00 | 320 EMA 2016 | 16906 | 09/30/2021 | C-1 | Books | |||
| Dewey Decimal Classification | V-4 | JCC Rouf Library | JCC Rouf Library | General Stacks | 06/10/2021 | 1169.00 | 320 EMA 2016 | 16907 | 09/30/2021 | C-1 | Books | |||
| Dewey Decimal Classification | V-5 | JCC Rouf Library | JCC Rouf Library | General Stacks | 06/10/2021 | 720.00 | 320 EMA 2016 | 16908 | 09/30/2021 | C-1 | Books | |||
| Dewey Decimal Classification | V-7 | JCC Rouf Library | JCC Rouf Library | General Stacks | 06/10/2021 | 780.00 | 320 EMA 2016 | 16909 | 09/30/2021 | C-1 | Books | |||
| Dewey Decimal Classification | V-8 | JCC Rouf Library | JCC Rouf Library | General Stacks | 06/10/2021 | 780.00 | 320 EMA 2016 | 16910 | 09/30/2021 | C-1 | Books |